000
00259nam a22001097a 4500
082
_a
823
_b
JOH/B
100
_a
JOHNSON, CROCKETT
245
_a
THE BLUE RIBBON PUPPIES
260
_a
NEW YORK
_b
SCHOLASTIC INC
650
_a
ENGLISH STORY
_z
UNITED STATES
942
_c
BK
999
_c
7570
_d
7570